Engineering physics / (Record no. 146324)

MARC details
000 -LEADER
fixed length control field 00694nam a22002297a 4500
005 - DATE AND TIME OF LATEST TRANSACTION
control field 20171009152304.0
010 ## - LCCN (DPL NO)
LC control number ENG-120765
020 ## - INTERNATIONAL STANDARD BOOK NUMBER
International Standard Book Number 9789352606955
Terms of availability 575.00
020 ## - INTERNATIONAL STANDARD BOOK NUMBER
International Standard Book Number 9352606957
Terms of availability 575.00
035 ## - SYSTEM CONTROL NUMBER
System control number EN-104297
037 ## - SOURCE OF ACQUISITION
Source of stock number/acquisition DBAD/PUB
082 ## - DEWEY DECIMAL CLASSIFICATION NUMBER
Classification number 530.2462
100 ## - MAIN ENTRY--PERSONAL NAME
Personal name Malik,Hitendra K.
245 ## - TITLE STATEMENT
Title Engineering physics /
Statement of responsibility, etc by Hitendra k. Malik [and] Ajay Kumar Singh
250 ## - EDITION STATEMENT
Edition statement 2nd
260 ## - PUBLICATION, DISTRIBUTION, ETC. (IMPRINT)
Place of publication, distribution, etc Noida
Name of publisher, distributor, etc McGraw Hill education
Date of publication, distribution, etc 2018
270 ## - ADDRESS
Address B-4, Sector-63,Dist. Gautam Budh Nagar
City Noida,(UP)
Postal code 201301
300 ## - PHYSICAL DESCRIPTION
Extent xxiii,808
Other physical details ill.
Dimensions 24cm(pbk)
500 ## - GENERAL NOTE
General note Includes index
700 ## - ADDED ENTRY--PERSONAL NAME
Personal name Ajay kumar Singh
942 ## - ADDED ENTRY ELEMENTS (KOHA)
Source of classification or shelving scheme Dewey Decimal Classification
Item type English Books
Classification part 530.2462
Call number suffix ENG
Holdings
Withdrawn status Lost status Not for loan Collection code Home library Current library Date acquired Source of acquisition Cost, normal purchase price Full call number Barcode Copy number Cost, replacement price Koha item type
      Non-fiction Central Jail Tihar Central Jail Tihar 09/10/2017 DBAD/PUB 575.00 530.2462 ENG EN-104297 1 575.00 English Books

© Delhi Public Library
Hit Counter
free hit counter